000 00405nam a2200145 i 4500
001 bg
100 1 _aBRINCKEN, Władysław
245 0 _aSystem ekonomiczno-finansowy w przedsiębiorstwie budowlanym :
_b(ujęcie graficzne) /
_cWładysław Brincken.
260 _aWarszawa 1978.
040 _cBPK
041 _apol
080 _a658.1:69.003
942 _cKS
008 s pl f |000 0 pol
999 _c18343
_d18343
856 _uhttp://koha.tu.koszalin.pl/cgi-bin/koha/opac-detail.pl?biblionumber=18343
_yKatalog online BPK